000 00767nam a2200241 4500
001 148839
003 ES-MaACL
005 20250812051529.0
007 t|
008 070214s1986 sp r ||||1| spa d
020 _a84-85887-89-1
080 _a7.01
100 1 _aSubirats, Eduardo.
_9108696
245 1 3 _aLa flor y el cristal
_b: ensayos sobre arte y arquitectura modernos /
_cEduardo Subirats.
250 _a1ª. ed.
260 _aBarcelona :
_bAnthropos,
_c1986.
300 _a302 p. :
_bil. ;
_c20 cm.
490 1 _aPensamiento crítico. Pensamiento utópico ;
_v18
650 7 _aArte-
_yS.XX
_2
_9141916
830 0 _aPensamiento crítico. Pensamiento utópico ;
_v18
_9177290
852 _aES-MaACL
_jG-11035
_bR.113354
999 _c148839
_d148839